• 首页
  • 本馆介绍
  • 公告通知
  • 最新文献
  • 馆藏检索
  • 电子资源
  • 读者导购
  • 参考咨询
  • 我的图书馆
  • 登录
  • 详细信息显示
  • 放入我的书架
  • 预约/预借图书
  • 作者相关作品
  • 分类相关作品
  • 丛书相关作品
  • 出版社相关作品

书目信息

  • 表格格式
  • 工作单格式
  • 卡片格式
题名:
富国为什么富 穷国为什么穷
    
 
作者: 赖纳特 著 ;杨虎涛 , 陈国涛 译
分册:  
出版信息: 北京   中国人民大学出版社  2013
页数: 292页
开本: 24cm
丛书名: 当代资本主义研究丛书
单 册:
中图分类: F061.3
科图分类:
主题词: 发展经济学--研究 , 发展经济学
电子资源:
ISBN: 978-7-300-17268-2
000 01293nam0 2200301 450
001 523
005 20140908150851.20
010    @a978-7-300-17268-2@dCNY58.00
100    @a20130531d2013 em y0chiy50 ea
101 1  @achi@ceng
102    @aCN@b110000
105    @ay z 000yy
106    @ar
200 1  @a富国为什么富 穷国为什么穷@AFu Guo Wei Shi Me Fu Qiong Guo Wei Shi Me Qiong@dHow rich countries got rich and why poor countries stay poor@f埃里克·S·赖纳特(Erik S. Reinert)著@FAi Li Ke· S· Lai Na Te (Erik S. Reinert) Zhu@g杨虎涛,陈国涛等译@zeng
210    @a北京@c中国人民大学出版社@d2013
215    @a292页@d24cm
225 2  @a当代资本主义研究丛书
330    @a本书全方位地对“国富国穷”这一古老的、极富挑战性和吸引力的问题进行了解答。内容包括:探究经济理论的类型;两类不同方法的演化;竞赛:富国如何致富;全球化:赞成的理由但也是反对的理由等。
461  0 @12001 @a当代资本主义研究丛书
510 1  @aHow rich countries got rich and why poor countries stay poor@zeng
606 0  @a发展经济学@x研究
606 0  @a发展经济学
690    @aF061.3@v5
701  0 @c(挪)@a赖纳特@ALai Na Te@c(Reinert, Erik S.)@4著
702  0 @a杨虎涛@AYang Hu Tao@f(1970~)@4译
702  0 @a陈国涛@AChen Guo Tao@4译
801  0 @aCN@bTANGWEI@c20140603
905    @b0840770-72@dF061.3@e115@f3
    
    富国为什么富 穷国为什么穷=How rich countries got rich and why poor countries stay poor/埃里克·S·赖纳特(Erik S. Reinert)著/杨虎涛,陈国涛等译.-北京:中国人民大学出版社,2013
    292页;24cm.-(当代资本主义研究丛书)
    
    
    ISBN 978-7-300-17268-2:CNY58.00
    本书全方位地对“国富国穷”这一古老的、极富挑战性和吸引力的问题进行了解答。内容包括:探究经济理论的类型;两类不同方法的演化;竞赛:富国如何致富;全球化:赞成的理由但也是反对的理由等。
●
相关链接 在E读中查询图书 在五车中查询图书 在当当中查询图书 在豆瓣中查询图书


正题名:富国为什么富 穷国为什么穷     索取号:F061.3/115         预约/预借

序号 登录号 条形码 馆藏地/架位号 状态 备注
1 0840770   208407703   第一样本阅览室/ [索取号:F061.3/115] 在馆    
2 0840771   208407712   密集书库-海洋学院/ [索取号:F061.3/115] 在馆    
3 0840772   208407721   第一借阅区/ [索取号:F061.3/115] 在馆    
唐山师范学院图书馆 欢迎您!
大连网信软件有限公司© 版权所有